Chiloé: un mundo separado

Gespeichert in:
Bibliographische Detailangaben
1. Verfasser: Lagos, Ovidio (VerfasserIn)
Format: Buch
Sprache:Spanisch
Veröffentlicht: Buenos Aires El Ateneo 2006
Ausgabe:1a. ed
Schlagworte:
Tags: Tag hinzufügen
Keine Tags, Fügen Sie den ersten Tag hinzu!

MARC

LEADER 00000cam a2200000 a 4500
001 UCF1812
003 CL-VaPUC
008 120727e20061000AG |||||||||||||||||spa|d
020 |a 9789500259095 
082 0 4 |a 983.56  |b LAG  |2 21 
100 |a Lagos, Ovidio  |e author  |9 512818 
245 1 0 |a Chiloé: un mundo separado 
250 |a 1a. ed 
300 |a 332 p 
942 |c BK 
945 |d 20120727 00:00:00  |a dcastane 
260 |a Buenos Aires  |b El Ateneo  |c 2006 
650 0 |a Historia de Chile  |9 265473 
650 0 |a Ciudades  |9 265474 
651 0 |a Chiloé  |9 265209 
651 7 |a CHILE  |2 CL-VaPUC  |9 563300 
583 |a last modification  |c 20120727 13:37:00  |k Rodrigo Vera 
999 |c 348500  |d 348498 
952 |0 0  |1 0  |4 0  |6 983_560000000000000_LAG_2006  |7 0  |8 A  |9 450539  |a BIBING  |b BIBING  |d 2019-11-22  |i 4873173  |o 983.56 LAG 2006  |p 4873173  |r 2025-01-20  |w 2019-11-22  |y BK  |k CUI